Nielen o haluškách Riaditeľ STV u prezidenta SR

Bibliographic Details
Main Author: Kováč, Michal (Author)
Format: Article
Language:Slovak
Subjects:

MARC

LEADER 00000nab a2200000 a 4500
001 vtls000541621
003 SK-MaSNL
005 20260303210108.0
008 120928c1995 xo 0 slo
015 |a SNBRB19rr/mm-uuuuu 
035 |a CL0541759 
040 |a SNKBUCL  |b slo  |c SNKBUCL  |e AACR2 
041 0 |a slo 
044 |a xo  |c SK 
080 |a 7.097(437.6):342.511(437.6)  |2 1981 
080 |a 342.511(437.6)  |2 1981 
245 0 0 |a Nielen o haluškách  |b Riaditeľ STV u prezidenta SR 
610 2 7 |a Slovenská televízia  |2 snkbucl  |9 115516 
655 7 |a články z novín a časopisov  |2 snkbucl  |9 267496 
700 1 |a Kováč, Michal  |4 aut  |9 265919 
773 0 |t Slovenská republika  |g Roč. 2, č. 70 (24. 3. 1995), s. 1 
850 |a Slovenská národná knižnica v Martine  |a MTA001 
852 |a SNK  |b KIS3GCP 
958 |a RK 
992 |a RBX 
999 |c 2198713  |d 2200643